Kings of Morocco Quiz - Statistics

General Stats
  • This quiz has been taken 131 times
  • The average score is 28 of 103
Answer Stats
Dynasty Reign # King % Correct
Wattasid 1472 - 1504 Abu Abd Allah al-Sheikh Mohammed
86%
Idrisid 828 - 836 Mohammed
86%
Marinid 1240 - 1244 Mohammed
86%
Marinid 1362 - 1366 II Mohammed
86%
Marinid 1372 - 1374 III Mohammed
86%
Saadi 1574 - 1576 II Mohammed
86%
Alawi 1636 - 1664 Mohammed
86%
Alawi 1736 - 1738 II Mohammed
86%
Alawi 1757 - 1790 III Mohammed
86%
Alawi 1859 - 1873 IV Mohammed
86%
Alawi 1927 - 19531955 - 1961 V Mohammed
86%
Alawi 1999 - current VI Mohammed
86%
Idrisid 925 - 927 I Hassan
70%
Idrisid 954 - 974 II Hassan
70%
Alawi 1873 - 1894 I Hassan
70%
Alawi 1961 - 1999 II Hassan
70%
Idrisid 788 - 791 I Idriss
62%
Idrisid 803 - 828 II Idriss
62%
Marinid 1348 - 1358 Abu al-Hasan Ali
53%
Idrisid 836 - 848 I Ali
53%
Idrisid 874 - 883 II Ali
53%
Almoravid 1106 - 1143 Ali
53%
Wattasid 1549 - 1554 Ali
53%
Alawi 1734 - 1736 Ali
53%
Wattasid 1504 - 1526 Abu Abd Allah al-Burtuqali Muhammad
41%
Wattasid 1545 - 1547 Nasir ad-Din al-Qasri Muhammad
41%
Almoravid 1072 - 1106 Yusuf
39%
Almoravid 1146 - 1147 Ibrahim
29%
Marinid 1359 - 1361 Ibrahim
29%
Almoravid 1040 - 1059 Abdallah
27%
Marinid 1396 - 1398 Abdallah
27%
Alawi 1729 - 17341736 - 1736 1740 - 1741 1741 - 1742 1741 - 1747 1748 - 1757 Abdallah
27%
Saadi 1603 - 1608 Abu Faris Abdallah
27%
Almohad 1163 - 1184 Abu Yaqub Yusuf
27%
Almohad 1213 - 1224 II Yusuf
27%
Wattasid 1526 - 1545 Abu al-Abbas Ahmad
23%
Almohad 1242 - 1248 Abu al-Hasan
23%
Idrisid 948 - 954 Ahmad
23%
Alawi 1727 - 17281728 - 1729 Ahmad
23%
Marinid 1244 - 1258 Abu Yahya
19%
Alawi 1672 - 1727 Ismail
19%
Idrisid 848 - 864 I Yahya
19%
Idrisid 864 - 874 II Yahya
19%
Idrisid 880 - 904 III Yahya
19%
Idrisid 904 - 917 IV Yahya
19%
Almohad 1199 - 1213 Mohammed al-Nasir
18%
Almoravid 1056 - 1072 Abu Bakr
16%
Marinid 1358 - 1359 Abu Bakr
16%
Almohad 1248 - 1266 Abu Hafs Umar
16%
Saadi 1603 - 1627 Zidan el-Nasir
16%
Marinid 1394 - 1396 II Abd al-Aziz
14%
Alawi 1894 - 1908 Abd al-Aziz
14%
Marinid 1366 - 1372 I Abu Faris Abd al-Aziz
14%
Marinid 1258 - 1286 Abu Yusuf Yaqub
14%
Alawi 1792 - 1822 Sulayman
14%
Almoravid 1143 - 1145 Tashfin
14%
Marinid 1361 - 1362 Tashfin
14%
Alawi 1822 - 1859 Abd al-Rahman
13%
Marinid 1348 - 1358 Abu Inan Faris
13%
Marinid 1307 - 1308 Abu Thabit Amir
12%
Almoravid 1147 - 1147 Ishaq
12%
Almohad 1184 - 1199 Yaqub al-Mansur
12%
Almohad 1133 - 1163 Abd Al Mu'min
11%
Idrisid 937 - 948 Al-Qasim
11%
Alawi 1666 - 1672 Al-Rashid
11%
Almohad 1224 I Abd al-Wahid
10%
Almohad 1232 - 1242 II Abd al-Wahid
10%
Marinid 1195 - 1217 I Abd al-Haqq
9%
Marinid 1420 - 1465 II Abd al-Haqq
9%
Saadi 1576 - 1578 I Abd al-Malik
9%
Saadi 1623 - 1627 Abd al-Malik
9%
Alawi 1728 Abd al-Malik
9%
Saadi 1627 - 1631 II Abu Marwan Abd al-Malik
9%
Almohad 1121 - 1139 Ibn Tumart
9%
Alawi 1908 - 1912 Abd al-Hafid
8%
Almohad 1224 - 1227 Abdallah al-Adil
8%
Almohad 1227 - 1229 Yahya al-Mu'tasim
8%
Saadi 1655 - 1659 Ahmad al-Abbas
7%
Saadi 1578 - 1603 Ahmad al-Mansur
7%
Almohad 1229 - 1232 Idriss al-Ma'mun
7%
Marinid 1384 - 1386 Musa
7%
Alawi 1912 - 1927 Yusef
7%
Marinid 1286 - 1307 Abu Yaqub Yusuf an-Nasr
6%
Almohad 1266 - 1269 Idris al-Wathiq
6%
Saadi 1603 - 1613 Mohammed esh-Sheikh el-Mamun
6%
Alawi 1790 - 1792 Yazid
6%
Alawi 1953 - 1955 Mohammed bin Arafa
5%
Saadi 1557 - 1574 Abdallah al-Ghalib
4%
Saadi 1606 - 1623 II Abdallah al-Ghalib
4%
Marinid 1310 - 1331 II Abu Sa'id Othmane
4%
Marinid 1398 - 1420 III Abu Said Othmane
4%
Alawi 1738 - 17401742 - 1743 1747 - 1748 Al-Mostadi
4%
Marinid 1217 - 1240 Othmane
4%
Marinid 1374 - 1393 Abu al-Abbas Ahmad al-Mustansir
3%
Marinid 1308 - 1310 Abu al-Rabi
3%
Saadi 1631 - 1636 Al Walid
3%
Saadi 1544 - 1557 Mohammed al-Shaykh
3%
Marinid 1386 - 1387 Mohammed al-Wathiq
3%
Alawi 1631 - 1636 Sharif
3%
Alawi 1741 - 1742 Zin al-Abidin
2%
Idrisid 1465 - 1471 Mohammed ibn Ali Idrisi-Joutey
1%
Dila'i 1659 - 1663 Mohammed al-Hajj
0%
Saadi 1636 - 1655 Mohammed esh-Sheikh es-Seghir
0%
No matching quizzes found
Score Distribution
Percent of People with Each Score
Percentile by Number Answered
Your Score History
You have not taken this quiz